000 00283nam a22001217a 4500
082 _a823
_bGER/G
100 _aTAYLOR, GERALDINE
245 _aGOING TO PLAY GROUND
260 _aUNITED KINGDOM
_bLADY BIRD BOOKS
300 _a20
650 _aENGLISH STORY
_zUNITED KINGDOM
942 _cBK
999 _c7500
_d7500